|
|
|
|
| LEADER |
00000nab a2200000 a 4500 |
| 001 |
vtls010627015 |
| 003 |
SK-MaSNL |
| 005 |
20260303085143.0 |
| 008 |
141009 2014 xo m p 000 0 cze |
| 015 |
|
|
|a SNBRB2014/10
|2 lmaosk
|
| 040 |
|
|
|a LMAOSK
|b slo
|c LMAOSK
|e AACR2
|
| 041 |
0 |
|
|a cze
|
| 044 |
|
|
|a xo
|c SK
|
| 080 |
|
|
|a 623.441/.443
|2 2001
|
| 080 |
|
|
|a 623.44
|2 2001
|
| 080 |
|
|
|a 623.442
|2 2001
|
| 080 |
|
|
|a (046)
|2 2001
|
| 100 |
1 |
|
|a Knotek, Jiří
|4 aut
|9 604284
|
| 245 |
1 |
0 |
|a Společnice pro daleké cíle
|c Jiří Knotek ; foto Martin Jansa
|
| 300 |
|
|
|b Fotogr.
|
| 500 |
|
|
|a Obsahuje technické údaje a Něco o firme
|
| 610 |
2 |
7 |
|a Voere Präzisionstechnik GMBH ( Kufstein, Rakúsko)
|2 LMAOSK
|9 1094232
|
| 650 |
0 |
7 |
|a Voere X3 (opakovacia puška)
|2 LMAOSK
|9 1094233
|
| 650 |
0 |
7 |
|a strelné zbrane
|2 SNKPH
|9 68540
|
| 650 |
0 |
7 |
|a ručné palné zbrane
|2 SNKPH
|9 28981
|
| 650 |
0 |
7 |
|a pušky
|2 SNKPH
|9 13773
|
| 650 |
0 |
7 |
|a opakovacie pušky
|2 LMAOSK
|9 1086660
|
| 655 |
|
7 |
|a články
|2 SNKPH
|9 70601
|
| 700 |
1 |
|
|a Jansa, Martin
|4 pht
|9 1087445
|
| 773 |
0 |
|
|t Zbraně & náboje
|g Roč. XVI, č. 10 (2014), s. 18-[21]
|x 1212-5210
|
| 852 |
|
|
|a LMAOSK
|b KIS3GCP
|
| 856 |
4 |
1 |
|u http://rf-hobby.cz/?clanek=spolecnice-pro-daleke-cile
|
| 958 |
|
|
|a NB
|
| 999 |
|
|
|c 1798101
|d 1800031
|